English : (Record no. 7833)

MARC details
000 -LEADER
fixed length control field 00417cam a2200181ua 4500
008 - FIXED-LENGTH DATA ELEMENTS--GENERAL INFORMATION
fixed length control field 150213n xxk |||gr||||Z||||||eng
040 ## - CATALOGING SOURCE
Transcribing agency MAIN
041 ## - LANGUAGE CODE
-- eng
082 ## - DEWEY DECIMAL CLASSIFICATION NUMBER
Classification number 425
100 ## - MAIN ENTRY--PERSONAL NAME
Personal name Waldhorn, A.,
Relator term
245 1# - TITLE STATEMENT
Title English :
Remainder of title Made simple /
Statement of responsibility, etc. By A. Waldhorn .
250 ## - EDITION STATEMENT
Edition statement 1st.
260 ## - PUBLICATION, DISTRIBUTION, ETC.
Place of publication, distribution, etc. London:
Name of publisher, distributor, etc. Donald,
Date of publication, distribution, etc. 1967.
300 ## - PHYSICAL DESCRIPTION
Extent 264p.
942 ## - ADDED ENTRY ELEMENTS (KOHA)
Koha item type Books
653 ## - INDEX TERM--UNCONTROLLED
Uncontrolled term English grammar
Holdings
Withdrawn status Lost status Damaged status Not for loan Home library Current library Shelving location Date acquired Total Checkouts Full call number Barcode Date last seen Copy number Price effective from Koha item type
        Naharkatiya College Library Naharkatiya College Library General Stacks 19/09/2020   425 | WAL 5294 19/09/2020 1 19/09/2020 Books

Naharkatiya College © 2020. All rights reserved.

Powered By